Statistics for Barcelona Squad 2014/2015

Click here to take the quiz!

General Stats

  • This quiz has been taken 2,672 times
  • The average score is 16 of 24

Answer Stats

NumberNationalityPositionAnswer% Correct
10ArgentinaFWLionel Messi
98%
11BrazilFWNeymar
98%
9UruguayFWLuis Suarez
97%
3SpainDFGerard Pique
95%
8SpainMFAndres Iniesta
94%
1GermanyGKMarc-Andre ter Stegen
93%
4CroatiaMFIvan Rakitic
88%
22BrazilDFDani Alves
84%
13ChileGKClaudio Bravo
83%
18SpainDFJordi Alba
82%
5SpainMFSergio Busquets
82%
14ArgentinaMFJavier Mascherano
78%
/SpainCOACHLuis Enrique
70%
7SpainFWPedro Rodriguez
68%
20SpainMFSergi Roberto
58%
12BrazilMFRafinha
54%
23BelgiumDFThomas Vermaelen
52%
24FranceDFJeremy Mathieu
48%
6SpainMFXavi Hernandez
44%
21BrazilDFAdriano
42%
15SpainDFMarc Bartra
41%
2SpainDFMartin Montoya
31%
25SpainGKJordi Masip
27%
16BrazilDFDouglas
23%

Score Distribution

Percentile by Number Answered

Percent of People with Each Score

Your Score History

You have not taken this quiz